Spatial econometric analysis of attained education across NUTS2 regions of European Union
Význam dosiahnutého vzdelania ako sociálneho ukazovateľa pre dokument Európa 2020. Regresná analýza vzťahu dosiahnutého vzdelania a ekonomického rastu v regiónoch EÚ.
Na minha lista:
| Autor principal: | |
|---|---|
| Outros Autores: | |
| Formato: | Capítulo de Livro |
| Idioma: | inglês |
| Assuntos: | |
| Tags: |
Sem tags, seja o primeiro a adicionar uma tag!
|
MARC
| LEADER | 00000nla a2200000 4500 | ||
|---|---|---|---|
| 001 | 0220238 | ||
| 005 | 20240502083547.6 | ||
| 041 | 0 | |a eng | |
| 044 | |a EE | ||
| 245 | 1 | 0 | |a Spatial econometric analysis of attained education across NUTS2 regions of European Union |c Michaela Chocholatá, Andrea Furková |
| 520 | |a Význam dosiahnutého vzdelania ako sociálneho ukazovateľa pre dokument Európa 2020. Regresná analýza vzťahu dosiahnutého vzdelania a ekonomického rastu v regiónoch EÚ. | ||
| 610 | 2 | 0 | |a analýzy |
| 610 | 2 | 0 | |a ekonomika priestorová |
| 610 | 2 | 0 | |a vzdelanie |
| 610 | 2 | 0 | |a regióny |
| 100 | 1 | |a Chocholatá, Michaela, 1977- | |
| 700 | 1 | |a Furková, Andrea, 1975- | |